Normal view
MARC view
Entry Nombre personal
001 - NÚMERO DE CONTROL
- campo de control: 48109
003 - IDENTIFICADOR DE NÚMERO DE CONTROL
- campo de control: BJBSDDR
005 - FECHA Y HORA DE LA ÚLTIMA TRANSACCIÓN
- campo de control: 20260424094530.0
008 - ELEMENTOS DE DATO DE LONGITUD-FIJA
- campo de control de longitud fija: 260424|| aca||aabn | a|a d
040 ## - FUENTE DE CATALOGACIÓN
- Centro catalogador/agencia de origen: BJBSDDR
100 1# - ENCABEZAMIENTO-NOMBRE DE PERSONA
- Nombre de persona: Bogarde, Dirk
- Fechas asociadas al nombre: 1921-1999
500 ## - TRAZADO DE VÉASE ADEMÁS--NOMBRE DE PERSONA
- Nombre de persona: Bogaerde, Derek Jules Gaspard Ulric Niven van den,
- Fechas asociadas al nombre: 1921-1999


